00549 2200217 4500001002100000005001500021035002000036007000300056008004100059020002200100082001000122084001600132100002100148245005000169250001100219260003900230300002500269650001500294990001100309990001100320INLIS00000000000126920180118115419 a0010-0118000087ta180118 g 0 ind  a978-979-25-4812-9 a302.2 a302.2 SOY p0 aSoyomukti Nurani1 aPengantar Ilmu Komunikasi /cNurani Soyomukti acet IV ajogjakarta :bAr-Ruzz Media,c2016 a380hlm ;c14 x 21 cm aKomunikasi a5748 a a5748 b